[Event "World Rapid 2025"]
[Site "Doha QAT"]
[Date "2025.12.27"]
[Round "8.51"]
[White "Tabatabaei, M. Amin"]
[Black "Gholami Orimi, Mahdi"]
[Result "1-0"]
[WhiteTitle "GM"]
[BlackTitle "GM"]
[WhiteElo "2700"]
[BlackElo "2515"]
[WhiteFideId "12521213"]
[BlackFideId "12558486"]
[EventDate "2025.12.26"]

1. d4 Nf6 2. Nc3 d5 3. Bf4 a6 4. e3 e6 5. h4 Bb4 6. Ne2 b5 7. a3 Bd6 8. g3 c5 9.
Bg2 Nc6 10. O-O Bb7 11. Bxd6 Qxd6 12. Nc1 O-O 13. Nb3 Nd7 14. Qh5 c4 15. Nc1 Nf6
16. Qf3 Ne7 17. N1e2 Bc6 18. g4 a5 19. g5 Nd7 20. Nf4 b4 21. Nce2 c3 22. bxc3
bxa3 23. Nd3 Nb6 24. Ne5 Bb5 25. Rfb1 Bxe2 26. Qxe2 f6 27. gxf6 gxf6 28. c4 fxe5
29. c5 Qd7 30. Rxb6 Nf5 31. Rxa3 Kh8 32. e4 Nxd4 33. Qh5 Qc7 34. Rd6 Ne2+ 35.
Qxe2 Qxc5 36. Rd7 Qxa3 37. Qh5 Qc1+ 38. Kh2 1-0

[Event "World Rapid 2025"]
[Site "Doha QAT"]
[Date "2025.12.27"]
[Round "8.52"]
[White "Piliposyan, Robert"]
[Black "Bjerre, Jonas Buhl"]
[Result "1/2-1/2"]
[WhiteTitle "IM"]
[BlackTitle "GM"]
[WhiteElo "2442"]
[BlackElo "2623"]
[WhiteFideId "13309978"]
[BlackFideId "1444948"]
[EventDate "2025.12.26"]

1. d4 Nf6 2. c4 e6 3. Nc3 Bb4 4. e3 O-O 5. Bd3 d5 6. a3 Bxc3+ 7. bxc3 dxc4 8.
Bxc4 c5 9. Ne2 Qc7 10. Bd3 Nc6 11. O-O e5 12. e4 cxd4 13. cxd4 exd4 14. f4 Ng4
15. h3 Ne3 16. Bxe3 dxe3 17. Qc1 Rd8 18. Qxe3 Qb6 19. Qxb6 axb6 20. Bb5 Be6 21.
Rfc1 Rd2 22. Kf1 Na5 23. f5 Bb3 24. Ke1 Rad8 25. Rc7 Bc2 26. Ra2 Rd1+ 27. Kf2
Bxe4 28. g4 Kf8 29. Nc3 Rh1 30. Re2 Rh2+ 31. Ke3 Rxe2+ 32. Bxe2 Bc6 33. g5 Bd7
34. Kf4 g6 35. f6 Bxh3 36. Bf3 Rc8 37. Rxc8+ Bxc8 38. Bd5 Nc6 39. Na4 b5 40. Nc5
b6 41. Ne4 Nd8 42. Nd6 Bd7 43. Ke5 Kg8 44. Ne4 Bf5 45. Nc3 Ne6 46. Bxe6 Bxe6 47.
Nxb5 h5 48. gxh6 Kh7 49. Nd4 Bc4 50. Nf3 Kxh6 51. Kf4 b5 52. Ng5 Kh5 53. Ne4 Kh4
54. Ng5 Ba2 55. Ne4 Bd5 56. Ng5 Kh5 57. Nh3 g5+ 58. Nxg5 Kg6 59. Nh3 Kxf6 60.
Nf2 Ke6 61. Nd3 Kd6 62. Nb4 Kc5 63. Ke5 Be6 64. Na6+ Kb6 65. Nb4 Ka5 66. Kd4 Ka4
67. Kc5 Bc4 68. Nc2 Kb3 69. Nd4+ Ka4 70. Nc2 Bd3 71. Nd4 f5 72. Kb6 f4 73. Ne6
Kxa3 74. Nxf4 Bc4 75. Kc5 Kb3 76. Nd5 Ka4 77. Nb6+ Kb3 78. Nd5 Ka3 79. Nc3 b4
80. Kxc4 bxc3 81. Kxc3 1/2-1/2

[Event "World Rapid 2025"]
[Site "Doha QAT"]
[Date "2025.12.27"]
[Round "8.53"]
[White "Paravyan, David"]
[Black "Chasin, Nico"]
[Result "1/2-1/2"]
[WhiteTitle "GM"]
[BlackTitle "IM"]
[WhiteElo "2582"]
[BlackElo "2517"]
[WhiteFideId "4194985"]
[BlackFideId "30908477"]
[EventDate "2025.12.26"]

1. e4 c5 2. Nf3 Nc6 3. Nc3 e6 4. d4 cxd4 5. Nxd4 Qc7 6. Be2 a6 7. Nxc6 bxc6 8.
Qd4 c5 9. Qe3 Bb7 10. O-O c4 11. Rd1 Rc8 12. Bd2 Bd6 13. Kh1 Nf6 14. f4 Bc5 15.
Qg3 O-O 16. e5 Ne4 17. Nxe4 Bxe4 18. Bxc4 Bxc2 19. Rdc1 Bf2 20. Qxf2 Qxc4 21.
Bc3 Be4 22. Rd1 Bd5 23. Rd4 Qb5 24. a4 Qb7 25. Rad1 Rc4 26. Rxc4 Bxc4 27. Rd4
Bd5 28. Qd2 Bc6 29. h3 a5 30. Kh2 f6 31. Rd3 f5 32. Bxa5 Bxa4 33. Qb4 Qxb4 34.
Bxb4 Rb8 35. Rd4 Bc6 36. g4 fxg4 37. hxg4 g6 38. Kg3 Ra8 39. Bc5 Ra1 40. Rb4 Kf7
41. Rb8 Ra8 42. Rxa8 Bxa8 43. b4 h5 44. b5 Ke8 45. Bb6 Bd5 46. Bc7 Kf7 47. b6
Ke8 48. Kh4 Bf3 49. gxh5 gxh5 50. Kg5 Ke7 51. b7 1/2-1/2

[Event "World Rapid 2025"]
[Site "Doha QAT"]
[Date "2025.12.27"]
[Round "8.54"]
[White "Krallis, Christos"]
[Black "Hong, Andrew"]
[Result "0-1"]
[WhiteTitle "IM"]
[BlackTitle "GM"]
[WhiteElo "2416"]
[BlackElo "2568"]
[WhiteFideId "4298896"]
[BlackFideId "2099438"]
[EventDate "2025.12.26"]

1. e4 c5 2. Nf3 d6 3. d4 cxd4 4. Nxd4 Nf6 5. Nc3 Nc6 6. Bc4 e6 7. Be3 a6 8. Qe2
Bd7 9. O-O-O Rc8 10. Bb3 Na5 11. f3 b5 12. Kb1 b4 13. Na4 g6 14. Nxe6 fxe6 15.
Bb6 Bb5 16. Bxd8 Bxe2 17. Bxa5 Bxd1 18. Rxd1 Kf7 19. Bxb4 Rc6 20. Nc3 Be7 21.
Ne2 Rb6 22. Bc3 g5 23. Nd4 d5 24. Ba5 Rb7 25. e5 Nd7 26. Nxe6 Rxb3 27. Nc7 Re3
28. e6+ Rxe6 29. Nxe6 Kxe6 30. Re1+ Kf7 31. Rd1 Nf6 32. Bc3 Rd8 33. Bd4 Nh5 34.
g3 Ng7 35. c3 Ne6 36. Bf2 Bc5 37. Bxc5 Nxc5 38. Kc2 Ke6 39. Rd4 Rf8 40. f4 gxf4
41. gxf4 Rg8 42. Rd2 Rg4 43. f5+ Ke5 44. b4 Ne4 45. Re2 Rf4 46. a4 Rf3 47. Kb2
Kxf5 48. b5 axb5 49. axb5 Nxc3 50. Re7 Nxb5 51. Rxh7 Ke4 52. h4 Rh3 53. h5 Nd6
54. Kc2 d4 0-1

[Event "World Rapid 2025"]
[Site "Doha QAT"]
[Date "2025.12.27"]
[Round "8.55"]
[White "Hakobyan, Aram"]
[Black "Zverev, Lev"]
[Result "1-0"]
[WhiteTitle "GM"]
[BlackTitle "IM"]
[WhiteElo "2613"]
[BlackElo "2453"]
[WhiteFideId "13306677"]
[BlackFideId "24250775"]
[EventDate "2025.12.26"]

1. e4 e5 2. Nf3 Nc6 3. Bc4 Bc5 4. c3 Nf6 5. d3 d6 6. O-O O-O 7. h3 a5 8. Re1 h6
9. Nbd2 Be6 10. Bb5 Nd7 11. Nf1 f5 12. exf5 Bxf5 13. d4 exd4 14. cxd4 Bb6 15.
Ng3 Bg6 16. a3 Nf6 17. Ba4 Kh8 18. Be3 Nd5 19. Bb3 Nce7 20. Bd2 Qd7 21. a4 Rae8
22. Bc4 c6 23. Qb3 Bc7 24. Re2 Nf5 25. Rxe8 Rxe8 26. Nxf5 Bxf5 27. Bxd5 cxd5 28.
Qxb7 Rb8 29. Qxd5 Be6 30. Qe4 Rxb2 31. d5 Bf5 32. Qd4 Rb3 33. Qc4 Rd3 34. Be3
Qf7 35. Nd4 Be4 36. Ne6 Bxd5 37. Qxd3 Bxe6 38. Rc1 d5 39. Bxh6 Be5 40. Re1 Bf5
41. Qf3 Qe6 42. Bf4 Be4 43. Qh5+ 1-0

[Event "World Rapid 2025"]
[Site "Doha QAT"]
[Date "2025.12.27"]
[Round "8.56"]
[White "Warmerdam, Max"]
[Black "Meng, Yihan"]
[Result "0-1"]
[WhiteTitle "GM"]
[BlackTitle "IM"]
[WhiteElo "2573"]
[BlackElo "2456"]
[WhiteFideId "1048104"]
[BlackFideId "8631891"]
[EventDate "2025.12.26"]

1. Nf3 d5 2. g3 g6 3. c4 d4 4. b4 Bg7 5. d3 e5 6. a4 a5 7. b5 c5 8. Bg2 Ne7 9.
Ra2 Ra7 10. e4 b6 11. Nbd2 Nd7 12. Qe2 Nf8 13. Kd1 Qd6 14. Kc2 Ne6 15. Kb3 Kd8
16. h4 h5 17. Ng5 Ng8 18. Nh3 Nh6 19. Rf1 Re7 20. f4 exf4 21. Nxf4 Nxf4 22. gxf4
Nf5 23. Qf2 Ne3 24. Rg1 Bg4 25. e5 Qe6 26. Bc6 Bh6 27. Be4 Nd1 28. Rxd1 Bxd1+
29. Ka3 Qg4 30. Nf3 Bxf4 31. Rd2 Be3 32. Qf1 Bxf3 33. Bxf3 Qf4 34. Qg2 Rxe5 35.
Ba8 Ke7 36. Bd5 Rd8 37. Kb2 Rd6 38. Rd1 Bxc1+ 39. Rxc1 Rf6 40. Rc2 Qxh4 0-1

[Event "World Rapid 2025"]
[Site "Doha QAT"]
[Date "2025.12.27"]
[Round "8.57"]
[White "Yakubboev, Nodirbek"]
[Black "Sklokin, Sergey"]
[Result "1-0"]
[WhiteTitle "GM"]
[BlackTitle "FM"]
[WhiteElo "2691"]
[BlackElo "2407"]
[WhiteFideId "14203987"]
[BlackFideId "55730230"]
[EventDate "2025.12.26"]

1. d4 d5 2. c4 e6 3. Nf3 Nf6 4. Nc3 Nbd7 5. Qc2 c5 6. cxd5 exd5 7. Bf4 Be7 8. g3
O-O 9. Bg2 cxd4 10. Nxd4 Bc5 11. Rd1 Nb6 12. O-O Bxd4 13. Rxd4 Be6 14. e4 Rc8
15. Rfd1 Qe7 16. exd5 Nbxd5 17. Bxd5 Bxd5 18. Rxd5 Nxd5 19. Rxd5 Rfd8 20. Rxd8+
Rxd8 21. Be3 b6 22. h4 h6 23. Qf5 Qb4 24. Qb5 Qe7 25. Qc6 Qb4 26. Qc7 Re8 27.
Qd7 Rf8 28. Qb5 Qd6 29. Qd5 Qb4 30. Qd2 Qe7 31. a3 Rd8 32. Qe2 Qe6 33. Kh2 Re8
34. Qb5 Rd8 35. Qa4 Rd7 36. Qe4 Qxe4 37. Nxe4 f5 38. Nc3 Kf7 39. h5 Ke6 40. Kg2
Ke5 41. Kf3 Kf6 42. Kf4 g5+ 43. hxg6 Kxg6 44. Ke5 Re7+ 45. Kd6 Re8 46. Nb5 Re4
47. Nxa7 f4 48. Bxf4 Rxf4 49. gxf4 Kf5 50. Nc6 h5 51. Ne5 Kxf4 1-0

[Event "World Rapid 2025"]
[Site "Doha QAT"]
[Date "2025.12.27"]
[Round "8.58"]
[White "Zhang, Zhong"]
[Black "Murzin, Volodar"]
[Result "0-1"]
[WhiteTitle "GM"]
[BlackTitle "GM"]
[WhiteElo "2561"]
[BlackElo "2648"]
[WhiteFideId "8600694"]
[BlackFideId "44155573"]
[EventDate "2025.12.26"]

1. e4 c5 2. Nf3 d6 3. Bb5+ Nd7 4. d4 cxd4 5. Qxd4 a6 6. Bxd7+ Qxd7 7. Nc3 e5 8.
Qd3 Qc6 9. Nd5 Be6 10. c4 Rc8 11. b3 b5 12. Nd2 Bxd5 13. exd5 Qb6 14. O-O Nf6
15. Qf5 Rc7 16. a4 bxc4 17. bxc4 Be7 18. Rb1 Qa7 19. Nb3 O-O 20. Be3 Qa8 21. Na5
Re8 22. Rb6 Nd7 23. Rc6 Rec8 24. Rb1 Bf8 25. g4 g6 26. Qf3 Nb8 27. Rcb6 Nd7 28.
Rc6 Nb8 29. Rbb6 Nxc6 30. dxc6 Be7 31. Rb7 Bf8 32. Bb6 Re7 33. Qd5 Rce8 34. h3
e4 35. c7 e3 36. fxe3 Re5 37. Qc6 h5 38. Ba7 Rxa5 39. Bb8 Rc8 40. Kf2 Rc5 41.
Qb6 hxg4 42. hxg4 Rxc4 43. a5 Rc5 44. Kg3 Rb5 0-1

[Event "World Rapid 2025"]
[Site "Doha QAT"]
[Date "2025.12.27"]
[Round "8.59"]
[White "Bharath, Subramaniyam H"]
[Black "Keymer, Vincent"]
[Result "1/2-1/2"]
[WhiteTitle "GM"]
[BlackTitle "GM"]
[WhiteElo "2576"]
[BlackElo "2776"]
[WhiteFideId "46634827"]
[BlackFideId "12940690"]
[EventDate "2025.12.26"]

1. e4 e5 2. Nf3 Nc6 3. Bc4 Nf6 4. d3 Bc5 5. O-O d6 6. c3 a5 7. Re1 h6 8. Bb3 O-O
9. h3 Ba7 10. d4 b5 11. Be3 a4 12. Bc2 Re8 13. Nbd2 Bd7 14. Rc1 Na5 15. b4 axb3
16. axb3 c5 17. d5 c4 18. Bxa7 Rxa7 19. bxc4 bxc4 20. Ra1 Qc7 21. Qe2 Nh5 22.
Reb1 Nf4 23. Qe3 Rb7 24. Rxb7 Nxb7 25. h4 Na5 26. g3 Nh5 27. Rb1 Rb8 28. Rb4 Nf6 1/2-1/2

[Event "World Rapid 2025"]
[Site "Doha QAT"]
[Date "2025.12.27"]
[Round "8.60"]
[White "Oro, Faustino"]
[Black "Najer, Evgeniy"]
[Result "1-0"]
[WhiteTitle "IM"]
[BlackTitle "GM"]
[WhiteElo "2503"]
[BlackElo "2619"]
[WhiteFideId "20000197"]
[BlackFideId "4118987"]
[EventDate "2025.12.26"]

1. e4 e6 2. d4 d5 3. Nc3 Nf6 4. Bg5 h6 5. Bxf6 Qxf6 6. a3 Qd8 7. Nf3 Be7 8. Bd3
O-O 9. O-O Nc6 10. Re1 dxe4 11. Bxe4 Bd7 12. Qd3 Bd6 13. Rad1 Re8 14. Ne5 Qe7
15. f4 Rad8 16. Kh1 Bxe5 17. fxe5 f5 18. exf6 Qxf6 19. Qg3 Nxd4 20. Rf1 Nf5 21.
Qxc7 Bc6 22. Bxc6 bxc6 23. Qxc6 Rb8 24. g4 Rec8 25. Qa6 Qe5 26. gxf5 Rxc3 27.
bxc3 Qe4+ 28. Kg1 Qg4+ 29. Kh1 Qe4+ 30. Kg1 Qg4+ 31. Kf2 Qxf5+ 32. Ke1 Qxc2 33.
Qe2 Qxc3+ 34. Qd2 Qe5+ 35. Qe2 Qc3+ 36. Rd2 Kh8 37. Rf3 Qc5 38. Qe3 Qc1+ 39. Kf2
Qh1 40. Kg3 e5 41. Qxe5 Rb6 42. Rd6 Qg1+ 43. Kh3 Rxd6 44. Qxd6 h5 45. Qf8+ Kh7
46. Qf5+ g6 47. Qf7+ Kh6 48. Qf8+ 1-0

[Event "World Rapid 2025"]
[Site "Doha QAT"]
[Date "2025.12.27"]
[Round "8.61"]
[White "Idani, Pouya"]
[Black "Peyrer, Konstantin"]
[Result "1/2-1/2"]
[WhiteTitle "GM"]
[BlackTitle "IM"]
[WhiteElo "2611"]
[BlackElo "2496"]
[WhiteFideId "12510130"]
[BlackFideId "1640879"]
[EventDate "2025.12.26"]

1. e4 c5 2. Nf3 Nc6 3. Bb5 e5 4. O-O Bd6 5. d3 a6 6. Bc4 b5 7. Bd5 Nge7 8. Re1
O-O 9. Bg5 Qe8 10. a4 Nxd5 11. exd5 Ne7 12. Bxe7 Qxe7 13. axb5 Bb7 14. bxa6 Bxd5
15. Nc3 Bc6 16. d4 cxd4 17. Nxd4 f5 18. Qd3 Kh8 19. Nxf5 Qg5 20. Ng3 Bc5 21.
Nce4 Qf4 22. Re2 Ba7 23. c4 Bd4 24. Qd2 Rfb8 25. Ra2 Qxd2 26. Rxd2 Rb6 27. Kf1
Rbxa6 28. Rxa6 Rxa6 29. f3 d5 30. cxd5 Ra1+ 31. Ke2 Bb5+ 32. Rd3 Rg1 33. Kd2
Rxg2+ 34. Ne2 Bxd3 35. Kxd3 Bxb2 36. d6 Ba3 37. N2g3 Rg1 38. Kc2 Rg2+ 39. Kb3
Bxd6 40. Nxd6 Rxh2 41. Kc4 h5 42. Nf7+ Kg8 43. Nxe5 h4 44. Ne4 Rh1 45. Nf2 Rf1
46. Neg4 h3 47. Nxh3 1/2-1/2

[Event "World Rapid 2025"]
[Site "Doha QAT"]
[Date "2025.12.27"]
[Round "8.62"]
[White "Kadric, Denis"]
[Black "Iniyan, Pa"]
[Result "1-0"]
[WhiteTitle "GM"]
[BlackTitle "GM"]
[WhiteElo "2543"]
[BlackElo "2598"]
[WhiteFideId "14403803"]
[BlackFideId "25002767"]
[EventDate "2025.12.26"]

1. e4 c5 2. Nc3 d6 3. f4 g6 4. d4 cxd4 5. Qxd4 Nf6 6. e5 Nc6 7. Bb5 dxe5 8.
Qxd8+ Kxd8 9. Nf3 Be6 10. fxe5 Nd7 11. Bf4 Kc7 12. O-O-O Nb6 13. Bxc6 bxc6 14.
Ng5 Nd5 15. Nxd5+ cxd5 16. Nxf7 Rg8 17. Ng5 Kd7 18. c4 Rc8 19. b3 Bg7 20. Nxe6
Kxe6 21. Rxd5 Rcd8 22. Rhd1 Rxd5 23. cxd5+ Kf5 24. Bg3 g5 25. Rf1+ Ke4 26. Rf7
h5 27. Rxe7 Kxd5 28. h3 h4 29. Bh2 g4 30. hxg4 Bh6+ 31. Kd1 Rxg4 32. Rd7+ Kc5
33. Bg1+ Kb5 34. Rd5+ Kb4 35. Rd4+ 1-0

[Event "World Rapid 2025"]
[Site "Doha QAT"]
[Date "2025.12.27"]
[Round "8.63"]
[White "Christiansen, Johan-Sebastian"]
[Black "Volokitin, Andrei"]
[Result "1-0"]
[WhiteTitle "GM"]
[BlackTitle "GM"]
[WhiteElo "2655"]
[BlackElo "2619"]
[WhiteFideId "1512668"]
[BlackFideId "14107090"]
[EventDate "2025.12.26"]

1. e4 c5 2. Nf3 d6 3. Nc3 Nf6 4. e5 dxe5 5. Nxe5 a6 6. Be2 e6 7. O-O Be7 8. Bf3
Ra7 9. a4 b6 10. d3 O-O 11. Re1 Bb7 12. Bxb7 Rxb7 13. Qf3 Qc8 14. Bg5 Nd5 15.
Bxe7 Nxe7 16. Ne4 Nec6 17. Nxc6 Qxc6 18. a5 bxa5 19. b3 Rb5 20. Qg3 Qb6 21. Nd6
Nc6 22. Nxb5 axb5 23. Qe3 Nd4 24. Qd2 Ra8 25. h4 h5 26. Re4 g6 27. Rb1 b4 28.
Ra1 a4 29. Rxa4 Rxa4 30. bxa4 Qc6 31. Re5 f6 32. Re1 Kg7 1-0

[Event "World Rapid 2025"]
[Site "Doha QAT"]
[Date "2025.12.27"]
[Round "8.64"]
[White "Muradli, Mahammad"]
[Black "Aditya, Mittal"]
[Result "1/2-1/2"]
[WhiteTitle "GM"]
[BlackTitle "GM"]
[WhiteElo "2581"]
[BlackElo "2624"]
[WhiteFideId "13409301"]
[BlackFideId "35042025"]
[EventDate "2025.12.26"]

1. Nf3 d5 2. c4 e6 3. e3 Nf6 4. Nc3 c5 5. cxd5 exd5 6. Bb5+ Nbd7 7. d4 c4 8. Ne5
Bb4 9. O-O O-O 10. Bxd7 Bxd7 11. Bd2 Re8 12. Be1 Be6 13. f3 Nd7 14. Nxd7 Qxd7
15. Ne2 Bf8 16. Ng3 g6 17. e4 dxe4 18. fxe4 Bg4 19. Qd2 h5 20. e5 Rad8 21. Ne4
Bg7 22. Nd6 Rf8 23. h3 Be6 24. Bh4 f6 25. exf6 Qxd6 26. fxg7 Rxf1+ 27. Rxf1
Qxd4+ 28. Qxd4 Rxd4 29. Bf6 Rd7 30. Bc3 Bf7 31. Re1 b5 32. a3 a5 33. Bxa5 Kxg7
34. Bc3+ Kf8 35. Re5 Bd5 36. Kf2 Rf7+ 37. Kg3 Rf5 38. Bb4+ Kg8 39. Re8+ Kf7 40.
Re7+ Kf6 41. Rd7 g5 42. Kh2 h4 43. Kg1 Be4 44. Bc3+ Kg6 45. Rd6+ Kf7 46. Rd7+
Kg6 47. Rd6+ Kf7 48. Rd1 Bc2 49. Rc1 Bd3 50. Re1 Kg6 51. Bd4 Kf7 52. Bf2 Rd5 53.
Re3 Kf6 54. Be1 Rf5 55. Kh2 Kf7 56. g3 hxg3+ 57. Kxg3 Rd5 58. Bc3 Bf5 59. Kf2
Kg6 60. Rf3 Rd7 61. Re3 Rd5 62. Rg3 Rd3 63. Kg2 1/2-1/2

[Event "World Rapid 2025"]
[Site "Doha QAT"]
[Date "2025.12.27"]
[Round "8.65"]
[White "Stefansson, Vignir Vatnar"]
[Black "Jumabayev, Rinat"]
[Result "0-1"]
[WhiteTitle "GM"]
[BlackTitle "GM"]
[WhiteElo "2519"]
[BlackElo "2560"]
[WhiteFideId "2308649"]
[BlackFideId "13702661"]
[EventDate "2025.12.26"]

1. d4 Nf6 2. c4 g6 3. Nc3 Bg7 4. e4 d6 5. Be2 a5 6. Nf3 O-O 7. O-O Bg4 8. h3
Bxf3 9. Bxf3 e5 10. d5 Na6 11. Be3 Kh8 12. a3 Ng8 13. Qe2 Bh6 14. Rfb1 Bxe3 15.
Qxe3 f5 16. b4 Nf6 17. Be2 Qe7 18. c5 axb4 19. axb4 dxc5 20. Bxa6 cxb4 21. Bxb7
Rxa1 22. Rxa1 f4 23. Qd3 bxc3 24. Qc4 Rb8 25. Ra7 Kg7 26. Kh2 Kh6 27. f3 Nh5 28.
Qxc3 Ng3 29. Qc4 Qd6 30. Qc3 Ne2 31. Qc6 Qe7 32. Ra2 Nd4 33. Qa6 Qc5 34. Rb2 Qc3
35. Qa2 Qe1 36. Qb1 Qg3+ 37. Kh1 Qg5 38. Ba6 Rxb2 39. Qxb2 Qf6 40. Bd3 Qd6 41.
Qc3 Qb6 42. Kh2 Kg5 43. Kh1 Kf6 44. Kh2 Nb3 45. Bc4 Nc5 46. Be2 Nb7 47. Qa3 Nd6
48. Qa8 Kg7 49. Qd8 Nf7 50. Qe7 Qd6 51. Qxd6 cxd6 52. h4 Nh6 53. Ba6 Ng8 54. Bc8
Nf6 55. Be6 Nh5 56. Bc8 Ng3 57. Ba6 Kf6 58. Bc8 Nf1+ 59. Kg1 Nd2 60. Ba6 g5 61.
hxg5+ Kxg5 62. Kf2 Kh4 63. Bb5 Nb1 64. Bd7 Nc3 65. Bh3 Nd1+ 66. Ke2 Ne3 67. Kf2
Nc2 68. Bc8 h6 69. Bd7 Na3 70. Bc8 Nb5 71. Ba6 Nc3 72. Bc8 h5 73. Bh3 Nd1+ 74.
Ke2 Ne3 75. Kf2 Ng4+ 76. Ke2 Kg3 77. fxg4 hxg4 78. Bxg4 Kxg4 79. Kf2 Kh5 80. Ke2
Kg5 81. Kf1 Kh4 0-1

[Event "World Rapid 2025"]
[Site "Doha QAT"]
[Date "2025.12.27"]
[Round "8.66"]
[White "Nogerbek, Kazybek"]
[Black "Suleymenov, Alisher"]
[Result "1-0"]
[WhiteTitle "GM"]
[BlackTitle "GM"]
[WhiteElo "2539"]
[BlackElo "2505"]
[WhiteFideId "13710427"]
[BlackFideId "13707833"]
[EventDate "2025.12.26"]

1. e4 e5 2. Bc4 Nf6 3. Nc3 Nxe4 4. Qh5 Nd6 5. Bb3 Be7 6. Qxe5 O-O 7. Nf3 Bf6 8.
Qf4 Re8+ 9. Kf1 Bxc3 10. bxc3 Re4 11. Qg5 Qxg5 12. Nxg5 Rg4 13. h4 h6 14. Ba3
hxg5 15. Bxd6 cxd6 16. Re1 Na6 17. Re8+ Kh7 18. hxg5+ Kg6 19. Rhh8 Rxg5 20. Rxc8
Rxc8 21. Rxc8 Nc5 22. Rc7 Kf6 23. d4 Nxb3 24. axb3 Rb5 25. Rxd7 Ke6 26. Rc7 a5
27. Ke2 Rb6 28. Kd3 g5 29. g4 f5 30. f3 Rb5 31. c4 Rb4 32. Kc3 fxg4 33. fxg4 Rb6
34. Rc8 Ra6 35. Re8+ Kf6 36. Rf8+ Kg7 37. Rf5 Kg6 38. Rb5 a4 39. Kb2 axb3 40.
cxb3 1-0

[Event "World Rapid 2025"]
[Site "Doha QAT"]
[Date "2025.12.27"]
[Round "8.67"]
[White "Grebnev, Aleksey"]
[Black "Raja, Rithvik R"]
[Result "1-0"]
[WhiteTitle "GM"]
[BlackTitle "GM"]
[WhiteElo "2632"]
[BlackElo "2541"]
[WhiteFideId "34189030"]
[BlackFideId "35007394"]
[EventDate "2025.12.26"]

1. d4 Nf6 2. c4 e6 3. Nc3 Bb4 4. g3 O-O 5. Bg2 d5 6. Nf3 dxc4 7. O-O Nc6 8. a3
Bxc3 9. bxc3 Na5 10. Bg5 c5 11. e3 cxd4 12. exd4 b6 13. Ne5 Bb7 14. Bxb7 Nxb7
15. Bxf6 gxf6 16. Nxc4 Rc8 17. Ne3 Rxc3 18. d5 Nc5 19. Qg4+ Kh8 20. Rfd1 Rg8 21.
dxe6 Qxd1+ 22. Qxd1 1-0

[Event "World Rapid 2025"]
[Site "Doha QAT"]
[Date "2025.12.27"]
[Round "8.68"]
[White "Rakhmanov, Aleksandr"]
[Black "Klukin, Kirill"]
[Result "1-0"]
[WhiteTitle "GM"]
[BlackTitle "IM"]
[WhiteElo "2585"]
[BlackElo "2414"]
[WhiteFideId "4173708"]
[BlackFideId "24199273"]
[EventDate "2025.12.26"]

1. c4 e6 2. e4 d5 3. exd5 exd5 4. d4 Nf6 5. Nc3 Bb4 6. Bd3 Be6 7. cxd5 Bxd5 8.
Ne2 Bxg2 9. Rg1 Bf3 10. Rxg7 Nc6 11. Rg3 Qd5 12. Bg5 Nh5 13. Rg1 Rg8 14. Qd2
Bxc3 15. bxc3 Qe6 16. O-O-O f6 17. Rde1 O-O-O 18. Ng3 Qd6 19. Be3 Nxg3 20. fxg3
h5 21. Bf5+ Kb8 22. Bf4 Qa3+ 23. Qb2 Qa5 24. Be6 Rgf8 25. Bd2 Qa6 26. Qb3 Na5
27. Qa3 Qb5 28. Qb4 Qxb4 29. cxb4 Nc6 30. Bh6 Rfe8 31. Bf7 Rxe1+ 32. Rxe1 Nxd4
33. Kb2 b6 34. a3 Bg4 35. Bf4 Nf5 36. Bg6 Nd6 37. Re7 Rg8 38. Bd3 Rd8 39. Ba6
Bc8 40. Be2 Bg4 41. Ba6 Bc8 42. Bxd6 cxd6 43. Bxc8 Rxc8 44. Rh7 f5 45. Rxh5 Rf8
46. Rh4 Kc7 47. Kc3 Kc6 48. Kc4 b5+ 49. Kd4 Re8 50. Rf4 Re2 51. h4 Rg2 52. Rf3
Kd7 53. Ke3 Ke7 54. Kf4 Ke6 55. Rd3 1-0

[Event "World Rapid 2025"]
[Site "Doha QAT"]
[Date "2025.12.27"]
[Round "8.85"]
[White "Begmuratov, Khumoyun"]
[Black "Can, Emre"]
[Result "1-0"]
[WhiteTitle "IM"]
[BlackTitle "GM"]
[WhiteElo "2451"]
[BlackElo "2541"]
[WhiteFideId "14210207"]
[BlackFideId "6302181"]
[EventDate "2025.12.26"]

1. e4 c5 2. c3 Nf6 3. e5 Nd5 4. Bc4 Nb6 5. Bb3 d6 6. exd6 e6 7. d4 cxd4 8. cxd4
Bxd6 9. Nf3 O-O 10. O-O Nc6 11. Nc3 Ne7 12. Bg5 Bd7 13. Ne5 Bc6 14. Qg4 Qc7 15.
Rac1 Bxe5 16. dxe5 Ng6 17. f4 Kh8 18. Qh5 Rae8 19. Nb5 Qd7 20. Nd6 Rb8 21. Rc3
h6 22. Bxh6 gxh6 23. Qxh6+ Kg8 24. f5 Bd5 25. f6 1-0

[Event "World Rapid 2025"]
[Site "Doha QAT"]
[Date "2025.12.27"]
[Round "8.86"]
[White "Nikitenko, Mihail"]
[Black "Pranesh, M"]
[Result "1-0"]
[WhiteTitle "GM"]
[BlackTitle "GM"]
[WhiteElo "2476"]
[BlackElo "2627"]
[WhiteFideId "13506862"]
[BlackFideId "35028600"]
[EventDate "2025.12.26"]

1. d4 d5 2. c4 dxc4 3. Nf3 Nf6 4. e3 Bg4 5. Bxc4 e6 6. h3 Bh5 7. O-O Nc6 8. Nbd2
Bd6 9. Be2 O-O 10. Nc4 Nd5 11. Bd2 f5 12. Rc1 Qf6 13. Qb3 Rab8 14. Rfe1 Qg6 15.
Nh4 Qf7 16. Nf3 h6 17. Bd1 Nf6 18. Nce5 Bxe5 19. Nxe5 Nxe5 20. dxe5 Bxd1 21.
Rexd1 Nd5 22. Be1 Qg6 23. Rxd5 exd5 24. Rxc7 f4 25. exf4 Rxf4 26. Qxd5+ Kh7 27.
Bc3 Qb6 28. Qd7 Rg8 29. e6 1-0

[Event "World Rapid 2025"]
[Site "Doha QAT"]
[Date "2025.12.27"]
[Round "8.87"]
[White "Sanal, Vahap"]
[Black "Galaviz Medina, Sion Radamantys"]
[Result "1-0"]
[WhiteTitle "GM"]
[BlackTitle "IM"]
[WhiteElo "2546"]
[BlackElo "2514"]
[WhiteFideId "6300545"]
[BlackFideId "5123119"]
[EventDate "2025.12.26"]

1. e4 c5 2. Nc3 Nc6 3. Bb5 Nd4 4. a4 g6 5. Nf3 Bg7 6. d3 e6 7. O-O Ne7 8. Nxd4
cxd4 9. Ne2 a6 10. Bc4 d5 11. Bb3 dxe4 12. dxe4 Nc6 13. Nf4 O-O 14. Bd2 Na5 15.
Ba2 b5 16. axb5 axb5 17. Nd3 Nc4 18. Bb4 Re8 19. Bb3 Bb7 20. Qe2 Bc6 21. Bc5 Qh4
22. Rae1 Na5 23. Nb4 Bd7 24. e5 Nxb3 25. cxb3 Rec8 26. Bd6 Be8 27. Qe4 Qxe4 28.
Rxe4 d3 29. Rd4 f6 30. f4 Bc6 31. Rxd3 Be4 32. Re3 f5 33. Ree1 Bh6 34. h4 Kf7
35. g3 Bg7 36. Ra1 h6 37. Rxa8 Rxa8 38. Rc1 Ra7 39. Kf2 g5 40. h5 Rd7 41. Na6
Ra7 42. Rc7+ Rxc7 43. Nxc7 Bd3 44. b4 gxf4 45. gxf4 Bc4 46. b3 Bxb3 47. Nxb5 Bf8
48. Bxf8 Kxf8 49. Nd6 Ke7 50. Kg3 Kd7 51. Nf7 Ke7 52. Nd6 Kd7 53. b5 Ba4 54. b6
Kc6 55. Nf7 Kxb6 56. Nxh6 1-0

[Event "World Rapid 2025"]
[Site "Doha QAT"]
[Date "2025.12.27"]
[Round "8.88"]
[White "Daneshvar, Bardiya"]
[Black "Gharibyan, Mamikon"]
[Result "1-0"]
[WhiteTitle "GM"]
[BlackTitle "GM"]
[WhiteElo "2600"]
[BlackElo "2491"]
[WhiteFideId "12576468"]
[BlackFideId "13308300"]
[EventDate "2025.12.26"]

1. e4 d6 2. d4 Nf6 3. Nc3 g6 4. Be3 Bg7 5. Qd2 a6 6. Bh6 Bxh6 7. Qxh6 e5 8. Nf3
Qe7 9. O-O-O Bg4 10. dxe5 dxe5 11. Nd5 Nxd5 12. Rxd5 f6 13. Nh4 Rg8 14. Bc4 Be6
15. Rhd1 Nc6 16. Nf3 Bxd5 17. exd5 O-O-O 18. dxc6 Rxd1+ 19. Kxd1 Rd8+ 20. Kc1
Qc5 21. cxb7+ Kxb7 22. Qh4 Rd6 23. Qe4+ Kb8 24. Qe2 a5 25. Bb3 e4 26. Qxe4 Qxf2
27. Qe8+ Ka7 28. Qe1 Qxg2 29. Qxa5+ Kb8 30. Qb5+ Kc8 31. Ne1 Qxh2 32. Qe8+ Kb7 1-0